Premier League Goalscorers (24/25) - Statistics

General Stats
  • This quiz has been taken 453 times
    192 since last reset
  • The average score is 127 of 272
Answer Stats
Team Player Goals % Correct
Arsenal Bukayo Saka 6
98%
Arsenal Gabriel Magalhaes 3
95%
Arsenal Kai Havertz 9
95%
Arsenal Martin Odegaard 3
94%
Arsenal William Saliba 2
94%
Arsenal Gabriel Martinelli 8
92%
Liverpool Mohammed Salah 29
91%
Chelsea Cole Palmer 15
90%
Manchester United Bruno Fernandes 8
88%
Arsenal Declan Rice 4
88%
Leicester Jamie Vardy 9
87%
Liverpool Luis Díaz 13
86%
Aston Villa Ollie Watkins 16
86%
Manchester City Erling Haaland 22
85%
Nottingham Forest Morgan Gibbs-White 7
85%
Liverpool Virgil van Dijk 3
85%
Chelsea Nicolas Jackson 10
84%
Newcastle Aleksander Isak 23
81%
Nottingham Forest Chris Wood 20
81%
Arsenal Leandro Trossard 8
81%
Liverpool Cody Gakpo 10
80%
Arsenal Gabriel Jesus 3
79%
Crystal Palace Jean-Phillipe Mateta 14
79%
Arsenal Mikel Merino 7
79%
Crystal Palace Eberechi Eze 8
78%
Tottenham Heung-Min Son 7
78%
Liverpool Trent Alexander-Arnold 3
78%
Liverpool Alexis Mac Allister 5
77%
Brentford Bryan Mbeumo 20
77%
Liverpool Diogo Jota 6
77%
Chelsea Enzo Fernández 6
77%
Tottenham Brennan Johnson 11
76%
Ipswich Ben Johnson 1
75%
Liverpool Dominik Szoboszlai 6
75%
Liverpool Ibrahima Konaté 1
75%
Wolverhampton Matheus Cunha 15
75%
Arsenal Thomas Partey 4
75%
Liverpool Darwin Nuñez 5
74%
Ipswich Liam Delap 12
74%
Chelsea Moises Caicedo 1
74%
Tottenham Dominik Solanke 9
72%
Arsenal Ethan Nwaneri 4
72%
Arsenal Jurrien Timber 1
72%
Aston Villa Marcus Rashford 2
72%
Manchester United Marcus Rashford 4
72%
Nottingham Forest Anthony Elanga 6
71%
Arsenal Myles Lewis-Skelly 1
71%
Manchester City Phil Foden 7
71%
Chelsea Reece James 1
71%
Chelsea Noni Madueke 7
70%
West Ham Jarrod Bowen 13
69%
Aston Villa Morgan Rogers 8
69%
Manchester United Rasmus Hojlund 4
69%
Manchester City Rico Lewis 1
69%
Brentford Yoane Wissa 19
69%
Manchester United Amad Diallo 8
68%
Manchester City Bernardo Silva 4
68%
Chelsea Pedro Neto 4
68%
Crystal Palace Ismaila Sarr 8
67%
Brighton Kaoru Mitoma 10
67%
Manchester City Kevin De Bruyne 4
67%
Chelsea Marc Cucurella 5
67%
Tottenham Pape Matar Sarr 3
67%
Newcastle Bruno Guimaraes 5
66%
Manchester United Harry Maguire 1
66%
Tottenham James Maddison 9
66%
Manchester City Jeremy Doku 3
66%
Nottingham Forest Jota Silva 3
66%
Manchester United Alejandro Garnacho 6
65%
Newcastle Anthony Gordon 6
65%
Nottingham Forest Callum Hudson-Odoi 5
65%
Manchester United Casemiro 1
64%
Brighton Joao Pedro 10
64%
Aston Villa John McGinn 1
64%
Manchester City Omar Marmoush 7
64%
Fulham Raúl Jimenez 12
64%
Everton Iliman Ndiaye 9
63%
Arsenal Jakub Kiwior 1
63%
Bournemouth Antoine Semenyo 11
62%
Brighton Danny Welbeck 10
61%
Manchester City Jack Grealish 1
61%
Bournemouth Justin Kluivert 12
61%
Aston Villa Youri Tielemans 3
61%
Everton Beto 8
60%
Tottenham Cristian Romero 1
60%
Tottenham Dejan Kulusevski 7
60%
Manchester City Savinho 1
60%
Everton Dominic Calvert-Lewin 3
59%
Manchester United Joshua Zirkzee 3
59%
Liverpool Curtis Jones 3
58%
Aston Villa Ezri Konsa 2
58%
Newcastle Harvey Barnes 9
58%
Aston Villa Jhon Durán 7
58%
Crystal Palace Marc Guehi 3
58%
Arsenal Riccardo Calafiori 2
58%
Bournemouth Evanilson 10
57%
Newcastle Joelinton 4
57%
Manchester City John Stones 2
57%
Southampton Mateus Fernandes 2
57%
Tottenham Richarlison 4
57%
Aston Villa Marco Asensio 3
56%
Nottingham Forest Murillo 2
56%
Fulham Alex Iwobi 9
55%
Nottingham Forest Elliot Anderson 2
55%
Fulham Harry Wilson 6
55%
Newcastle Jacob Murphy 8
55%
Chelsea Levi Colwill 2
55%
Tottenham Pedro Porro 2
55%
Chelsea Jadon Sancho 3
54%
Aston Villa Matty Cash 1
54%
Nottingham Forest Nikola Milenkovic 5
54%
Newcastle Sandro Tonali 4
54%
Crystal Palace Daniel Muñoz 4
53%
Newcastle Fabian Schar 4
53%
Aston Villa Leon Bailey 1
53%
Liverpool Harvey Elliott 1
52%
Everton James Tarkowski 1
52%
West Ham Mohammed Kudus 5
52%
Newcastle Dan Burn 1
51%
Nottingham Forest Ola Aina 2
51%
Aston Villa Amadou Onana 3
50%
Wolverhampton Jorgen Strand Larsen 14
50%
Manchester City Josko Gvardiol 5
50%
West Ham Lucas Paquetá 4
50%
Fulham Adama Traore 2
49%
Bournemouth Milos Kerkez 2
49%
West Ham Tomas Soucek 9
48%
Fulham Emile Smith-Rowe 6
47%
Manchester United Mathijs de Ligt 2
47%
Nottingham Forest Neco Williams 1
47%
Chelsea Christopher Nkunku 3
46%
Manchester City Ilkay Gündogan 1
46%
Fulham Rodrigo Muniz 8
46%
Everton Abdoulaye Doucouré 3
45%
Aston Villa Jacob Ramsey 1
45%
Arsenal Kieran Tierney 1
45%
Manchester United Lisandro Martinez 2
45%
Manchester United Mason Mount 1
45%
Brentford Mikkel Damsgaard 2
45%
Bournemouth Dean Huijsen 3
44%
Everton Dwight McNeil 4
44%
West Ham Michail Antonio 1
44%
Aston Villa Boubacar Kamara 1
43%
Brentford Kevin Schade 11
43%
West Ham Niclas Füllkrug 3
43%
Brighton Yankuba Minteh 6
43%
Brentford Christian Norgaard 5
42%
Manchester City James McAtee 3
42%
Chelsea Axel Disasi 1
41%
Manchester City Mateo Kovacic 6
41%
Crystal Palace Eddie Nketiah 3
40%
Wolverhampton Joao Gomes 3
40%
Crystal Palace Trevoh Chalobah 3
40%
Brighton Carlos Baleba 3
39%
Bournemouth Lewis Cook 1
39%
Crystal Palace Maxence Lacroix 1
39%
Everton Michael Keane 3
39%
Tottenham Yves Bissouma 2
39%
Manchester United Christian Eriksen 1
38%
Wolverhampton Rodrigo Gomes 2
38%
Leicester Stephy Mavididi 4
38%
Southampton Tyler Dibling 2
38%
Leicester Wout Faes 1
38%
Aston Villa Donyell Malen 3
37%
Manchester United Manuel Ugarte 1
37%
Manchester City Nico González 1
37%
Ipswich Omari Hutchinson 3
37%
Everton Viltali Mykolenko 1
37%
Leicester James Justin 2
36%
Leicester Jordan Ayew 5
36%
Manchester City Nico O'Reilly 2
36%
Brighton Pervis Estupiñan 1
36%
West Ham Aaron Wan-Bissaka 2
35%
Southampton Adam Armstrong 2
35%
Bournemouth Dango Ouattara 7
35%
Aston Villa Ian Maatsen 1
35%
Everton Jack Harrison 1
35%
Tottenham Mathys Tel 2
35%
Tottenham Djed Spence 1
34%
Leicester Facundo Buonanotte 4
34%
Tottenham Rodrigo Bentancur 2
34%
Wolverhampton Rayan Ait-Nouri 4
33%
Crystal Palace Chris Richards 1
32%
Brighton Jan Paul van Hecke 1
32%
Bournemouth Marcus Tavernier 3
32%
Brentford Nathan Collins 2
32%
Leicester Patson Daka 1
32%
Nottingham Forest Taiwo Awoniyi 1
32%
Chelsea Tosin Adarabioyo 1
32%
Crystal Palace Ben Chilwell 1
31%
Brighton Diego Gomez 1
31%
Wolverhampton Hee-Chan Hwang 2
31%
West Ham James Ward-Prowse 1
31%
Chelsea Joao Félix 1
31%
Manchester City Matheus Nunes 1
31%
Bournemouth Ryan Christie 2
31%
Nottingham Forest Ryan Yates 2
31%
Leicester Bilal El Khannouss 2
30%
Fulham Andreas Pereira 2
29%
Brighton Jack Hinshelwood 5
29%
Southampton Paul Onuachu 4
29%
Ipswich Julio Enciso 2
28%
West Ham Crysencio Summerville 1
27%
Brentford Keane Lewis-Potter 1
27%
Aston Villa Ross Barkley 3
27%
Fulham Calvin Bassey 1
26%
Brentford Ethan Pinnock 2
26%
Brighton Georgino Rutter 5
26%
Southampton Jan Bednarek 2
26%
Bournemouth David Brooks 2
25%
Ipswich Lief Davis 1
25%
Brighton Tariq Lamptey 2
25%
Chelsea Tyrique George 1
25%
Tottenham Wilson Odobert 1
25%
Leicester Conor Coady 1
24%
Bournemouth Enes Ünal 2
24%
Brighton Evan Ferguson 1
24%
Brighton Simon Adingra 2
24%
Fulham Tom Cairney 2
24%
Brentford Vitaly Janelt 1
24%
Everton Ashley Young 1
23%
Wolverhampton Jean-Richner Bellegarde 2
23%
Leicester Bobby De Cordova-Reid 1
22%
Brentford Fabio Carvalho 2
22%
Wolverhampton Matt Doherty 2
22%
Wolverhampton Pablo Sarabia 3
22%
Crystal Palace Romain Esse 1
22%
Fulham Ryan Sessegnon 4
22%
Ipswich Sammie Szmodics 4
22%
Southampton Cameron Archer 2
21%
Newcastle Lewis Miley 1
21%
Brighton Mats Wieffer 1
21%
Brighton Matt O'Riley 2
21%
Brighton Yasin Ayari 2
21%
Wolverhampton Gonçalo Guedes 2
20%
Bournemouth Luis Sinisterra 1
20%
Fulham Reiss Nelson 1
20%
Ipswich Sam Morsy 1
20%
Southampton Taylor Harwood-Bellis 1
20%
Southampton Will Smallbone 1
20%
Brighton Brajan Gruda 1
19%
West Ham Danny Ings 1
19%
Everton Jake O'Brien 2
19%
Everton Carlos Alcaraz 2
18%
Ipswich Jacob Greaves 1
18%
Ipswich Jaden Philogene 2
18%
Wolverhampton Mario Lemina 1
18%
Brighton Ferdi Kadioglu 1
17%
Crystal Palace Justin Devenny 1
17%
Crystal Palace Matheus França 1
17%
Newcastle William Osula 1
17%
Southampton Yukinari Sugawara 1
17%
West Ham Carlos Soler 1
16%
Southampton Joe Aribo 3
16%
Wolverhampton Emmanuel Agbadou 1
15%
Southampton Jack Stephens 1
15%
Southampton Kamaldeen Sulemana 1
15%
Leicester Caleb Okoli 1
14%
Wolverhampton Marshall Munetsi 2
14%
Nottingham Forest Ramón Sosa 1
14%
Southampton Ross Stewart 1
14%
Ipswich Conor Chaplin 1
13%
Southampton Flynn Downes 1
13%
Southampton Lesley Ugochukwu 1
13%
Everton Orel Mangala 1
13%
Bournemouth Daniel Jebbison 1
12%
Leicester Kasey McAteer 1
12%
Ipswich George Hirst 3
11%
Ipswich Jens Cajuste 1
11%
West Ham Emerson Palmieri 2
10%
Ipswich Jack Taylor 1
9%
Ipswich Nathan Broadhead 2
8%
No matching quizzes found
Score Distribution
Percent of People with Each Score
Percentile by Number Answered
Your Score History
You have not taken this quiz since the last reset